000 00481nam a2200193Ia 4500
005 20251020182615.0
008 200515s9999 xx 000 0 und d
082 _aSC/693.1:58-G/I59
110 _aPrevi
245 0 _aComportamiento estructural de muros de albañilería de arcilla cocida tipo PREVI (graf.)
260 _aLima
260 _c1978
300 _a86
650 _aALBAÑILERIA
650 _aARCILLA
650 _aESTRUCTURAS
650 _aMUROS
942 _cLIB
999 _c3485
_d3485